| 000 | 01317nab a22002057i 4500 | ||
|---|---|---|---|
| 001 | 768714001 | ||
| 003 | CO-MdFUSB | ||
| 005 | 20240507123717.0 | ||
| 008 | 240507t1968 sp ||||| |||| 00| 0 spa d | ||
| 040 |
_bspa _cCO-MdFUSB _dCO-MdFUSB |
||
| 041 | _aspa | ||
| 100 |
_aReegen, Otto Ter, _eautor |
||
| 245 | 4 |
_aLos derechos del laicado _c/ Otto Ter Reegen |
|
| 520 | _aDe todos son bien conocidas las frases del Decretum Gratianum: “(de las dos clases que hay en la iglesia) la primera está constituida por aquellos que se consagran al servicio espiritual por la plegaria y la contemplación. Estos se apartan de toda solicitud terrena, y son los sacerdotes y los monjes. La segunda clase está formada por los laicos, a los que se permite casarse para llenar la tierra, crear tribunales, aportar sus ofrendas al altar, pagar los diezmos. Estas gentes pueden salvarse si se apartan de todos los vicios y practican el bien.” según este pasaje, el laico sería un cristiano de segunda clase. | ||
| 650 | 7 |
_aIglesia _9655 |
|
| 653 | _aDerecho canónico | ||
| 773 | 0 |
_049450 _982598 _oR2528 _tRevista internacional de teología Concilium _w(CO-MdFUSB)8 _x0210-1041 _gNúmero 38, (septiembre - octubre, 1965), páginas: 170 - 182 _qpágina: 170 |
|
| 942 | _cANA | ||
| 945 | _aCatherine Arias Alvarez - Practicante SENA | ||
| 999 |
_c69546 _d69546 |
||